[Event "45th FIDE Chess Olympiad Open"]
[Site "Budapest, Hungary"]
[Date "2024.09.21"]
[Round "10"]
[White "Maurizzi, Marc`Andria"]
[Black "McShane, Luke J"]
[Result "0-1"]
[Board "23"]
[WhiteFideId "36083534"]
[BlackFideId "404853"]
[WhiteTitle "GM"]
[BlackTitle "GM"]
[WhiteElo "2595"]
[BlackElo "2611"]
[WhiteTeam "France"]
[BlackTeam "England"]
[WhiteClock "0:14:55"]
[BlackClock "0:02:12"]
[Variant "Standard"]

1. e4 {[%clk 1:30:21]}  e5 {[%clk 1:30:55]} 2. Nf3 {[%clk 1:28:00]}  Nc6 {[%clk 1:31:18]} 3. Bc4 {[%clk 1:27:17]}  Bc5 {[%clk 1:31:35]} 4. c3 {[%clk 1:27:06]}  Nf6 {[%clk 1:31:54]} 5. d3 {[%clk 1:26:53]}  O-O {[%clk 1:29:51]} 6. Bg5 {[%clk 1:24:09]}  Be7 {[%clk 1:30:06]} 7. Nbd2 {[%clk 1:24:20]}  d6 {[%clk 1:30:00]} 8. a4 {[%clk 1:23:51]}  Ng4 {[%clk 1:26:51]} 9. Bxe7 {[%clk 1:24:02]}  Nxe7 {[%clk 1:25:00]} 10. d4 {[%clk 1:23:31]}  Ng6 {[%clk 1:20:25]} 11. h3 {[%clk 1:22:59]}  Nf6 {[%clk 1:16:53]} 12. O-O {[%clk 1:21:39]}  a5 {[%clk 1:16:39]} 13. Re1 {[%clk 1:20:39]}  Qe7 {[%clk 1:16:25]} 14. Bf1 {[%clk 1:18:02]}  Bd7 {[%clk 1:11:47]} 15. Qc2 {[%clk 0:59:27]}  Rfe8 {[%clk 1:07:27]} 16. Rad1 {[%clk 0:53:33]}  h6 {[%clk 1:05:53]} 17. b3 {[%clk 0:50:19]}  Nh7 {[%clk 1:02:36]} 18. dxe5 {[%clk 0:48:07]}  dxe5 {[%clk 0:57:38]} 19. Nc4 {[%clk 0:46:51]}  Nf6 {[%clk 0:57:57]} 20. Ne3 {[%clk 0:43:23]}  Nf4 {[%clk 0:47:06]} 21. Bc4 {[%clk 0:31:23]}  Rad8 {[%clk 0:39:58]} 22. b4 {[%clk 0:20:03]}  axb4 {[%clk 0:36:43]} 23. cxb4 {[%clk 0:20:28]}  Qxb4 {[%clk 0:35:52]} 24. Qa2 {[%clk 0:20:27]}  Qe7 {[%clk 0:32:40]} 25. Qb3 {[%clk 0:14:43]}  b6 {[%clk 0:29:34]} 26. Qc2 {[%clk 0:14:57]}  c6 {[%clk 0:16:24]} 27. Bb3 {[%clk 0:08:55]}  b5 {[%clk 0:16:05]} 28. axb5 {[%clk 0:09:06]}  cxb5 {[%clk 0:16:31]} 29. Qc7 {[%clk 0:09:06]}  Rc8 {[%clk 0:12:49]} 30. Qb7 {[%clk 0:08:30]}  Rc3 {[%clk 0:11:26]} 31. Ba2 {[%clk 0:06:06]}  Nd3 {[%clk 0:07:44]} 32. Re2 {[%clk 0:05:30]}  Nc5 {[%clk 0:07:44]} 33. Qa7 {[%clk 0:03:47]}  Ncxe4 {[%clk 0:06:37]} 34. Nd5 {[%clk 0:02:54]}  Nxd5 {[%clk 0:02:29]} 35. Bxd5 {[%clk 0:02:39]}  Nf6 {[%clk 0:01:34]} 36. Rxe5 {[%clk 0:02:58]}  Qf8 {[%clk 0:01:05]} 37. Ba2 {[%clk 0:02:36]}  Bc6 {[%clk 0:00:34]} 38. Rxe8 {[%clk 0:01:24]}  Bxe8 {[%clk 0:01:02]} 39. Rd8 {[%clk 0:00:37]}  b4 {[%clk 0:01:30]} 40. Qb8 {[%clk 0:00:38]}  Qe7 {[%clk 0:00:46]} 41. Rc8 {[%clk 0:28:25]}  Rxc8 {[%clk 0:18:11]} 42. Qxc8 {[%clk 0:28:53]}  g6 {[%clk 0:18:09]} 43. Qb8 {[%clk 0:27:44]}  Kg7 {[%clk 0:09:42]} 44. Qb6 {[%clk 0:27:29]}  Qe2 {[%clk 0:08:19]} 45. Bb3 {[%clk 0:27:39]}  Qe4 {[%clk 0:08:38]} 46. Nd4 {[%clk 0:23:16]}  Qe1+ {[%clk 0:04:00]} 47. Kh2 {[%clk 0:23:19]}  Ne4 {[%clk 0:03:54]} 48. Nc2 {[%clk 0:22:46]}  Qd2 {[%clk 0:04:03]} 49. Qxb4 {[%clk 0:19:56]}  Qf4+ {[%clk 0:04:08]} 50. Kh1 {[%clk 0:20:10]}  Nxf2+ {[%clk 0:02:43]} 51. Kg1 {[%clk 0:20:39]}  Ne4 {[%clk 0:01:34]} 52. Qd4+ {[%clk 0:20:34]}  Kh7 {[%clk 0:02:03]} 53. Qe3 {[%clk 0:20:24]}  Qxe3+ {[%clk 0:01:37]} 54. Nxe3 {[%clk 0:20:53]}  Kg7 {[%clk 0:01:58]} 55. Bd5 {[%clk 0:21:12]}  Nd6 {[%clk 0:02:08]} 56. Kf2 {[%clk 0:20:55]}  Bd7 {[%clk 0:02:33]} 57. h4 {[%clk 0:20:11]}  Kf6 {[%clk 0:02:50]} 58. g3 {[%clk 0:19:11]}  Ke5 {[%clk 0:03:11]} 59. Bf3 {[%clk 0:19:40]}  f5 {[%clk 0:02:02]} 60. Ng2 {[%clk 0:20:03]}  Be6 {[%clk 0:02:12]} 61. Nf4 {[%clk 0:20:14]}  Bf7 {[%clk 0:02:37]} 62. Ke3 {[%clk 0:20:21]}  Nc4+ {[%clk 0:02:57]} 63. Kf2 {[%clk 0:20:49]}  g5 {[%clk 0:02:03]} 64. hxg5 {[%clk 0:21:17]}  hxg5 {[%clk 0:02:30]} 65. Ne2 {[%clk 0:21:36]}  Bd5 {[%clk 0:02:22]} 66. Bxd5 {[%clk 0:21:55]}  Kxd5 {[%clk 0:02:50]} 67. Nc3+ {[%clk 0:19:53]}  Kd4 {[%clk 0:03:16]} 68. Ne2+ {[%clk 0:18:27]}  Kd3 {[%clk 0:03:32]} 69. Nc1+ {[%clk 0:17:54]}  Ke4 {[%clk 0:03:58]} 70. Ne2 {[%clk 0:17:55]}  Nd6 {[%clk 0:03:15]} 71. Nc3+ {[%clk 0:17:30]}  Kd3 {[%clk 0:02:14]} 72. Nd5 {[%clk 0:17:27]}  g4 {[%clk 0:01:52]} 73. Nf4+ {[%clk 0:17:19]}  Kd2 {[%clk 0:02:16]} 74. Ne6 {[%clk 0:17:15]}  Ne4 {[%clk 0:02:35]} 75. Kg2 {[%clk 0:17:43]}  Ke3 {[%clk 0:02:31]} 76. Ng7 {[%clk 0:17:49]}  Nd6 {[%clk 0:02:57]} 77. Ne6 {[%clk 0:18:16]}  Nc4 {[%clk 0:03:02]} 78. Kg1 {[%clk 0:18:09]}  Nd2 {[%clk 0:02:27]} 79. Kg2 {[%clk 0:17:15]}  Nf3 {[%clk 0:02:48]} 80. Nf4 {[%clk 0:17:08]}  Ne1+ {[%clk 0:01:28]} 81. Kf1 {[%clk 0:17:19]}  Nf3 {[%clk 0:01:08]} 82. Ng2+ {[%clk 0:16:58]}  Kd2 {[%clk 0:01:07]} 83. Kf2 {[%clk 0:17:03]}  Ng5 {[%clk 0:01:05]} 84. Nh4 {[%clk 0:16:15]}  Ne4 {[%clk 0:01:34]} 85. Kg2 {[%clk 0:16:42]}  Nd6 {[%clk 0:02:01]} 86. Kf2 {[%clk 0:16:58]}  Kd3 {[%clk 0:02:30]} 87. Ng6 {[%clk 0:16:55]}  Ne4+ {[%clk 0:02:48]} 88. Kg2 {[%clk 0:17:23]}  Ke3 {[%clk 0:01:22]} 89. Nf4 {[%clk 0:15:14]}  Nc3 {[%clk 0:01:24]} 90. Ng6 {[%clk 0:13:47]}  Ke2 {[%clk 0:00:47]} 91. Nh4 {[%clk 0:12:23]}  Nd5 {[%clk 0:00:55]} 92. Kh2 {[%clk 0:12:45]}  Ne3 {[%clk 0:00:33]} 93. Kg1 {[%clk 0:13:13]}  Ke1 {[%clk 0:00:54]} 94. Ng6 {[%clk 0:13:40]}  Kd2 {[%clk 0:00:46]} 95. Kf2 {[%clk 0:13:31]}  Nd1 {[%clk 0:01:02]} 96. Kf1 {[%clk 0:13:55]}  Ke3 {[%clk 0:01:03]} 97. Nh4 {[%clk 0:13:48]}  Ke4 {[%clk 0:01:29]} 98. Ke2 {[%clk 0:14:03]}  Nc3+ {[%clk 0:01:41]} 99. Kf2 {[%clk 0:14:21]}  Nb5 {[%clk 0:02:05]} 100. Ng2 {[%clk 0:14:23]}  Kd3 {[%clk 0:02:14]} 101. Ne1+ {[%clk 0:14:04]}  Kd2 {[%clk 0:02:18]} 102. Nf3+ {[%clk 0:14:17]}  Kd3 {[%clk 0:02:14]} 103. Ne1+ {[%clk 0:14:43]}  Ke4 {[%clk 0:02:37]} 104. Ng2 {[%clk 0:15:04]}  Nd6 {[%clk 0:02:37]} 105. Ke2 {[%clk 0:15:19]}  Ke5 {[%clk 0:02:30]} 106. Ne3 {[%clk 0:14:00]}  Ne4 {[%clk 0:02:40]} 107. Nf1 {[%clk 0:14:29]}  Kd4 {[%clk 0:02:51]} 108. Ke1 {[%clk 0:14:57]}  Kd3 {[%clk 0:02:32]} 109. Kd1 {[%clk 0:15:22]}  Nd6 {[%clk 0:02:23]} 110. Ke1 {[%clk 0:15:46]}  Nc4 {[%clk 0:02:47]} 111. Kf2 {[%clk 0:14:02]}  Nd2 {[%clk 0:03:14]} 112. Nh2 {[%clk 0:14:29]}  Ne4+ {[%clk 0:03:40]} 113. Kg2 {[%clk 0:14:55]}  Ke3 {[%clk 0:02:12]} 0-1

[Event "45th FIDE Chess Olympiad Open"]
[Site "Budapest, Hungary"]
[Date "2024.09.21"]
[Round "10"]
[White "Jones, Gawain C B"]
[Black "Fressinet, Laurent"]
[Result "0-1"]
[Board "24"]
[WhiteFideId "409561"]
[BlackFideId "608742"]
[WhiteTitle "GM"]
[BlackTitle "GM"]
[WhiteElo "2646"]
[BlackElo "2616"]
[WhiteTeam "England"]
[BlackTeam "France"]
[WhiteClock "0:19:52"]
[BlackClock "0:09:43"]
[Variant "Standard"]

1. c4 {[%clk 1:30:48]}  e6 {[%clk 1:30:14]} 2. g3 {[%clk 1:31:02]}  d5 {[%clk 1:30:21]} 3. Bg2 {[%clk 1:31:26]}  Nf6 {[%clk 1:30:32]} 4. Nf3 {[%clk 1:31:50]}  d4 {[%clk 1:30:51]} 5. O-O {[%clk 1:32:02]}  c5 {[%clk 1:31:08]} 6. e3 {[%clk 1:32:21]}  Nc6 {[%clk 1:31:31]} 7. d3 {[%clk 1:32:46]}  Bd6 {[%clk 1:31:37]} 8. exd4 {[%clk 1:32:37]}  cxd4 {[%clk 1:32:01]} 9. Bg5 {[%clk 1:33:01]}  h6 {[%clk 1:32:14]} 10. Bxf6 {[%clk 1:33:23]}  Qxf6 {[%clk 1:32:39]} 11. Nbd2 {[%clk 1:33:39]}  Qe7 {[%clk 1:32:43]} 12. Re1 {[%clk 1:32:21]}  O-O {[%clk 1:32:03]} 13. Nb3 {[%clk 1:32:27]}  Qf6 {[%clk 1:31:00]} 14. c5 {[%clk 1:31:19]}  Bc7 {[%clk 1:30:13]} 15. Rc1 {[%clk 1:30:44]}  Rd8 {[%clk 1:22:08]} 16. Nbd2 {[%clk 1:29:27]}  Bd7 {[%clk 1:14:31]} 17. Rc4 {[%clk 1:21:40]}  a5 {[%clk 0:56:00]} 18. a3 {[%clk 1:16:31]}  Be8 {[%clk 0:51:23]} 19. b4 {[%clk 1:02:06]}  axb4 {[%clk 0:50:51]} 20. axb4 {[%clk 1:02:30]}  b5 {[%clk 0:46:20]} 21. cxb6 {[%clk 1:02:52]}  Bxb6 {[%clk 0:46:45]} 22. b5 {[%clk 0:59:22]}  Na5 {[%clk 0:40:44]} 23. Rc1 {[%clk 0:55:34]}  Rab8 {[%clk 0:37:48]} 24. Re5 {[%clk 0:47:18]}  Qe7 {[%clk 0:32:51]} 25. Qc2 {[%clk 0:40:06]}  Nb7 {[%clk 0:21:01]} 26. Nh4 {[%clk 0:28:54]}  Nd6 {[%clk 0:19:02]} 27. Qb3 {[%clk 0:27:12]}  Rdc8 {[%clk 0:15:54]} 28. Rb1 {[%clk 0:19:06]}  Bd8 {[%clk 0:12:07]} 29. Qd1 {[%clk 0:12:31]}  Qc7 {[%clk 0:08:44]} 30. Qe2 {[%clk 0:06:21]}  Bxh4 {[%clk 0:04:45]} 31. gxh4 {[%clk 0:06:46]}  Rxb5 {[%clk 0:05:08]} 32. Rbxb5 {[%clk 0:06:43]}  Bxb5 {[%clk 0:04:44]} 33. Nf3 {[%clk 0:05:25]}  Qc1+ {[%clk 0:04:46]} 34. Ne1 {[%clk 0:04:52]}  Qf4 {[%clk 0:04:05]} 35. h5 {[%clk 0:04:32]}  Rc1 {[%clk 0:03:30]} 36. Qb2 {[%clk 0:04:44]}  Bxd3 {[%clk 0:02:15]} 37. Qa3 {[%clk 0:04:01]}  Qd2 {[%clk 0:00:53]} 38. Bf1 {[%clk 0:04:08]}  Rxe1 {[%clk 0:00:45]} 39. Rxe1 {[%clk 0:04:31]}  Qxe1 {[%clk 0:01:10]} 40. Qxd3 {[%clk 0:04:57]}  Qe4 {[%clk 0:00:46]} 41. Qd1 {[%clk 0:29:56]}  Qf4 {[%clk 0:29:48]} 42. Bd3 {[%clk 0:28:26]}  e5 {[%clk 0:26:15]} 43. Qb1 {[%clk 0:25:41]}  Qg4+ {[%clk 0:24:08]} 44. Kf1 {[%clk 0:25:52]}  e4 {[%clk 0:24:02]} 45. Bc2 {[%clk 0:24:06]}  d3 {[%clk 0:22:40]} 46. Bd1 {[%clk 0:24:02]}  Qf4 {[%clk 0:22:12]} 47. Qb8+ {[%clk 0:23:01]}  Kh7 {[%clk 0:22:38]} 48. Kg2 {[%clk 0:23:10]}  Qg5+ {[%clk 0:22:30]} 49. Kf1 {[%clk 0:23:36]}  Qc1 {[%clk 0:21:53]} 50. Qb3 {[%clk 0:23:08]}  Nc4 {[%clk 0:21:07]} 51. Kg2 {[%clk 0:23:03]}  Qg5+ {[%clk 0:20:19]} 52. Kh1 {[%clk 0:23:28]}  Ne5 {[%clk 0:20:16]} 53. Qd5 {[%clk 0:21:12]}  Qf4 {[%clk 0:19:24]} 54. h3 {[%clk 0:21:29]}  e3 {[%clk 0:16:55]} 55. fxe3 {[%clk 0:21:54]}  Qxe3 {[%clk 0:16:47]} 56. Bg4 {[%clk 0:21:36]}  Qf4 {[%clk 0:15:29]} 57. Qb3 {[%clk 0:20:06]}  f5 {[%clk 0:12:23]} 58. Bd1 {[%clk 0:19:33]}  Qf1+ {[%clk 0:11:52]} 59. Kh2 {[%clk 0:20:01]}  Qf2+ {[%clk 0:11:59]} 60. Kh1 {[%clk 0:20:28]}  Nf3 {[%clk 0:11:18]} 61. Bxf3 {[%clk 0:20:52]}  Qxf3+ {[%clk 0:11:39]} 62. Kh2 {[%clk 0:21:16]}  Qe2+ {[%clk 0:11:27]} 63. Kg3 {[%clk 0:21:13]}  d2 {[%clk 0:10:30]} 64. Qd5 {[%clk 0:19:39]}  Qe3+ {[%clk 0:09:53]} 65. Kh4 {[%clk 0:19:52]}  Qf4# {[%clk 0:09:43]} 0-1

[Event "45th FIDE Chess Olympiad Open"]
[Site "Budapest, Hungary"]
[Date "2024.09.21"]
[Round "10"]
[White "Maghsoodloo, Parham"]
[Black "Deac, Bogdan-Daniel"]
[Result "1/2-1/2"]
[Board "25"]
[WhiteFideId "12539929"]
[BlackFideId "1226380"]
[WhiteTitle "GM"]
[BlackTitle "GM"]
[WhiteElo "2723"]
[BlackElo "2680"]
[WhiteTeam "Iran"]
[BlackTeam "Romania"]
[WhiteClock "0:27:56"]
[BlackClock "0:07:05"]
[Variant "Standard"]

1. d4 {[%clk 1:30:58]}  Nf6 {[%clk 1:30:58]} 2. c4 {[%clk 1:31:21]}  e6 {[%clk 1:31:26]} 3. Nf3 {[%clk 1:31:43]}  d5 {[%clk 1:31:54]} 4. g3 {[%clk 1:32:06]}  Be7 {[%clk 1:23:26]} 5. Bg2 {[%clk 1:32:05]}  O-O {[%clk 1:23:52]} 6. O-O {[%clk 1:32:28]}  dxc4 {[%clk 1:24:19]} 7. Qc2 {[%clk 1:32:48]}  a6 {[%clk 1:20:57]} 8. a4 {[%clk 1:32:57]}  Bd7 {[%clk 1:21:11]} 9. Qxc4 {[%clk 1:33:17]}  Bc6 {[%clk 1:21:38]} 10. Bf4 {[%clk 1:33:39]}  Bd6 {[%clk 1:22:05]} 11. Qc1 {[%clk 1:34:03]}  Nbd7 {[%clk 1:19:02]} 12. Nc3 {[%clk 1:32:45]}  Nd5 {[%clk 1:16:17]} 13. Bd2 {[%clk 1:30:37]}  Qe8 {[%clk 1:08:29]} 14. Re1 {[%clk 1:10:34]}  f5 {[%clk 0:50:52]} 15. Ng5 {[%clk 1:02:38]}  h6 {[%clk 0:40:24]} 16. Nxd5 {[%clk 0:53:07]}  Bxd5 {[%clk 0:39:29]} 17. e4 {[%clk 0:49:10]}  fxe4 {[%clk 0:39:50]} 18. Nxe4 {[%clk 0:49:35]}  Qh5 {[%clk 0:39:04]} 19. Qd1 {[%clk 0:47:41]}  Qf5 {[%clk 0:33:19]} 20. Re2 {[%clk 0:44:02]}  Nf6 {[%clk 0:31:26]} 21. Qe1 {[%clk 0:44:04]}  Nxe4 {[%clk 0:25:00]} 22. Bxe4 {[%clk 0:44:20]}  Bxe4 {[%clk 0:25:28]} 23. Rxe4 {[%clk 0:44:41]}  Rae8 {[%clk 0:25:46]} 24. Bf4 {[%clk 0:40:18]}  Bxf4 {[%clk 0:16:31]} 25. Rxf4 {[%clk 0:40:23]}  Qc2 {[%clk 0:14:27]} 26. Rxf8+ {[%clk 0:38:34]}  Rxf8 {[%clk 0:14:54]} 27. b4 {[%clk 0:38:43]}  Qb2 {[%clk 0:12:21]} 28. Rd1 {[%clk 0:36:52]}  Kh8 {[%clk 0:10:25]} 29. d5 {[%clk 0:35:50]}  exd5 {[%clk 0:10:10]} 30. Rxd5 {[%clk 0:36:18]}  Qa2 {[%clk 0:10:27]} 31. Rd7 {[%clk 0:36:08]}  Qxa4 {[%clk 0:10:54]} 32. Rxc7 {[%clk 0:36:32]}  b6 {[%clk 0:11:04]} 33. h4 {[%clk 0:35:48]}  a5 {[%clk 0:08:12]} 34. bxa5 {[%clk 0:34:46]}  Qxa5 {[%clk 0:07:44]} 35. Qb1 {[%clk 0:31:47]}  Qd2 {[%clk 0:07:22]} 36. Rc2 {[%clk 0:31:50]}  Qd4 {[%clk 0:07:07]} 37. Re2 {[%clk 0:32:14]}  Qc5 {[%clk 0:06:24]} 38. Qb2 {[%clk 0:31:16]}  Qd6 {[%clk 0:06:37]} 39. Kh2 {[%clk 0:29:48]}  Qc5 {[%clk 0:05:57]} 40. Rc2 {[%clk 0:26:15]}  Qd6 {[%clk 0:06:06]} 41. Rd2 {[%clk 0:26:36]}  Qc5 {[%clk 0:06:16]} 42. Rc2 {[%clk 0:27:02]}  Qd6 {[%clk 0:06:39]} 43. Rd2 {[%clk 0:27:30]}  Qc5 {[%clk 0:07:05]} 44. Rc2 {[%clk 0:27:56]} 1/2-1/2

[Event "45th FIDE Chess Olympiad Open"]
[Site "Budapest, Hungary"]
[Date "2024.09.21"]
[Round "10"]
[White "Shevchenko, Kirill"]
[Black "Tabatabaei, M. Amin"]
[Result "1/2-1/2"]
[Board "26"]
[WhiteFideId "14129574"]
[BlackFideId "12521213"]
[WhiteTitle "GM"]
[BlackTitle "GM"]
[WhiteElo "2673"]
[BlackElo "2714"]
[WhiteTeam "Romania"]
[BlackTeam "Iran"]
[WhiteClock "0:10:22"]
[BlackClock "0:05:45"]
[Variant "Standard"]

1. d4 {[%clk 1:30:39]}  d5 {[%clk 1:30:52]} 2. c4 {[%clk 1:31:04]}  e6 {[%clk 1:31:18]} 3. Nf3 {[%clk 1:31:28]}  Nf6 {[%clk 1:31:42]} 4. Nc3 {[%clk 1:31:55]}  Be7 {[%clk 1:32:04]} 5. Bf4 {[%clk 1:32:19]}  O-O {[%clk 1:32:25]} 6. e3 {[%clk 1:32:40]}  Nbd7 {[%clk 1:32:49]} 7. c5 {[%clk 1:32:08]}  c6 {[%clk 1:33:10]} 8. h3 {[%clk 1:32:22]}  b6 {[%clk 1:33:30]} 9. b4 {[%clk 1:32:47]}  a5 {[%clk 1:33:56]} 10. a3 {[%clk 1:33:13]}  h6 {[%clk 1:34:21]} 11. Bd3 {[%clk 1:31:06]}  Ba6 {[%clk 1:34:40]} 12. Bxa6 {[%clk 1:30:27]}  Rxa6 {[%clk 1:35:03]} 13. O-O {[%clk 1:30:48]}  Qc8 {[%clk 1:17:54]} 14. Qc2 {[%clk 1:29:05]}  Qb7 {[%clk 1:17:33]} 15. Rab1 {[%clk 1:22:00]}  axb4 {[%clk 1:14:41]} 16. axb4 {[%clk 1:21:37]}  Rfa8 {[%clk 1:15:03]} 17. Rb2 {[%clk 1:10:58]}  Bd8 {[%clk 1:09:20]} 18. Rc1 {[%clk 1:04:34]}  Bc7 {[%clk 0:46:26]} 19. b5 {[%clk 0:46:15]}  Ra1 {[%clk 0:46:11]} 20. Bxc7 {[%clk 0:41:30]}  Qxc7 {[%clk 0:40:31]} 21. cxb6 {[%clk 0:41:05]}  Rxc1+ {[%clk 0:31:58]} 22. Qxc1 {[%clk 0:41:29]}  Nxb6 {[%clk 0:32:21]} 23. bxc6 {[%clk 0:33:05]}  Nc4 {[%clk 0:28:44]} 24. Ra2 {[%clk 0:32:59]}  Qxc6 {[%clk 0:28:34]} 25. Rxa8+ {[%clk 0:32:19]}  Qxa8 {[%clk 0:28:58]} 26. Nd2 {[%clk 0:32:24]}  Nd6 {[%clk 0:28:55]} 27. Nb3 {[%clk 0:31:42]}  g5 {[%clk 0:28:34]} 28. Qa1 {[%clk 0:31:01]}  Qb8 {[%clk 0:27:21]} 29. Nc5 {[%clk 0:30:13]}  Kg7 {[%clk 0:25:59]} 30. Qa3 {[%clk 0:25:55]}  h5 {[%clk 0:24:26]} 31. g3 {[%clk 0:20:12]}  Nf5 {[%clk 0:20:48]} 32. Qb3 {[%clk 0:19:20]}  Qa7 {[%clk 0:18:54]} 33. Qa4 {[%clk 0:16:38]}  Qc7 {[%clk 0:17:26]} 34. Nb5 {[%clk 0:08:42]}  Qb8 {[%clk 0:16:27]} 35. Na6 {[%clk 0:08:24]}  Qc8 {[%clk 0:07:18]} 36. Nc5 {[%clk 0:08:25]}  Ne4 {[%clk 0:05:32]} 37. Qa7 {[%clk 0:06:52]}  Qc6 {[%clk 0:03:10]} 38. Qb7 {[%clk 0:02:06]}  Qxb7 {[%clk 0:02:15]} 39. Nxb7 {[%clk 0:02:34]}  g4 {[%clk 0:00:58]} 40. hxg4 {[%clk 0:01:29]}  hxg4 {[%clk 0:01:13]} 41. Kf1 {[%clk 0:01:45]}  Kf6 {[%clk 0:28:46]} 42. Na5 {[%clk 0:25:27]}  Ne7 {[%clk 0:27:48]} 43. Ke2 {[%clk 0:25:13]}  Kg6 {[%clk 0:24:47]} 44. Nb7 {[%clk 0:23:33]}  Nc6 {[%clk 0:23:56]} 45. N7d6 {[%clk 0:22:00]}  Ng5 {[%clk 0:23:47]} 46. Nc3 {[%clk 0:21:27]}  Kf6 {[%clk 0:23:17]} 47. Nb7 {[%clk 0:21:19]}  Ke7 {[%clk 0:23:11]} 48. Nc5 {[%clk 0:21:29]}  f6 {[%clk 0:22:39]} 49. Nb3 {[%clk 0:20:47]}  Nb4 {[%clk 0:20:15]} 50. Nd2 {[%clk 0:19:48]}  Nc6 {[%clk 0:19:21]} 51. Nb3 {[%clk 0:19:52]}  Nb4 {[%clk 0:17:02]} 52. Nd2 {[%clk 0:20:12]}  Nc2 {[%clk 0:16:51]} 53. Kd1 {[%clk 0:20:09]}  Na3 {[%clk 0:16:33]} 54. Ke2 {[%clk 0:16:31]}  Nc4 {[%clk 0:16:15]} 55. f4 {[%clk 0:09:28]}  gxf3+ {[%clk 0:05:36]} 56. Nxf3 {[%clk 0:09:54]}  Nf7 {[%clk 0:05:28]} 57. e4 {[%clk 0:09:20]}  dxe4 {[%clk 0:05:52]} 58. Nxe4 {[%clk 0:09:49]}  Nh6 {[%clk 0:06:08]} 59. Nc3 {[%clk 0:09:07]}  Nd6 {[%clk 0:06:22]} 60. Ke3 {[%clk 0:08:27]}  Kf7 {[%clk 0:06:19]} 61. Kf4 {[%clk 0:08:39]}  Nc4 {[%clk 0:05:11]} 62. g4 {[%clk 0:09:01]}  e5+ {[%clk 0:04:27]} 63. dxe5 {[%clk 0:09:27]}  fxe5+ {[%clk 0:04:53]} 64. Nxe5+ {[%clk 0:09:54]}  Nxe5 {[%clk 0:05:19]} 65. Kxe5 {[%clk 0:10:22]}  Nxg4+ {[%clk 0:05:45]} 1/2-1/2

[Event "45th FIDE Chess Olympiad Open"]
[Site "Budapest, Hungary"]
[Date "2024.09.21"]
[Round "10"]
[White "Daneshvar, Bardiya"]
[Black "Lupulescu, Constantin"]
[Result "1/2-1/2"]
[Board "27"]
[WhiteFideId "12576468"]
[BlackFideId "1207822"]
[WhiteTitle "GM"]
[BlackTitle "GM"]
[WhiteElo "2598"]
[BlackElo "2590"]
[WhiteTeam "Iran"]
[BlackTeam "Romania"]
[WhiteClock "0:37:05"]
[BlackClock "0:24:54"]
[Variant "Standard"]

1. Nf3 {[%clk 1:30:57]}  c5 {[%clk 1:30:55]} 2. b3 {[%clk 1:30:53]}  d6 {[%clk 1:26:42]} 3. Bb2 {[%clk 1:31:02]}  e5 {[%clk 1:26:19]} 4. c4 {[%clk 1:31:25]}  f5 {[%clk 1:23:57]} 5. g3 {[%clk 1:29:29]}  Nf6 {[%clk 1:20:00]} 6. Bg2 {[%clk 1:29:19]}  Be7 {[%clk 1:20:17]} 7. d3 {[%clk 1:28:50]}  Nc6 {[%clk 1:20:06]} 8. Nc3 {[%clk 1:28:49]}  O-O {[%clk 1:19:49]} 9. O-O {[%clk 1:28:45]}  Qe8 {[%clk 1:15:09]} 10. e3 {[%clk 1:24:00]}  Kh8 {[%clk 1:06:34]} 11. a3 {[%clk 1:21:21]}  Be6 {[%clk 0:45:49]} 12. d4 {[%clk 1:12:38]}  cxd4 {[%clk 0:41:28]} 13. exd4 {[%clk 1:12:14]}  Bg8 {[%clk 0:41:34]} 14. d5 {[%clk 1:06:34]}  Nb8 {[%clk 0:38:26]} 15. Nb5 {[%clk 0:58:07]}  Na6 {[%clk 0:30:48]} 16. a4 {[%clk 0:49:04]}  Nd7 {[%clk 0:28:50]} 17. Re1 {[%clk 0:46:16]}  Qg6 {[%clk 0:24:41]} 18. Ba3 {[%clk 0:42:18]}  e4 {[%clk 0:21:16]} 19. Nfd4 {[%clk 0:38:43]}  Nac5 {[%clk 0:21:27]} 20. Ne6 {[%clk 0:26:26]}  Nxe6 {[%clk 0:16:47]} 21. dxe6 {[%clk 0:26:44]}  Nc5 {[%clk 0:16:52]} 22. Nxd6 {[%clk 0:22:31]}  b6 {[%clk 0:16:58]} 23. Nf7+ {[%clk 0:20:59]}  Bxf7 {[%clk 0:17:22]} 24. exf7 {[%clk 0:21:24]}  Qxf7 {[%clk 0:15:14]} 25. Qc2 {[%clk 0:18:00]}  Rad8 {[%clk 0:09:26]} 26. Red1 {[%clk 0:16:17]}  Nd3 {[%clk 0:08:46]} 27. Bxe7 {[%clk 0:15:59]}  Qxe7 {[%clk 0:09:12]} 28. Bf1 {[%clk 0:15:34]}  Nb4 {[%clk 0:08:22]} 29. Qe2 {[%clk 0:15:01]}  Qc5 {[%clk 0:06:01]} 30. Rxd8 {[%clk 0:14:50]}  Rxd8 {[%clk 0:06:28]} 31. Rd1 {[%clk 0:15:14]}  Rd4 {[%clk 0:06:11]} 32. Rxd4 {[%clk 0:09:41]}  Qxd4 {[%clk 0:06:39]} 33. Qh5 {[%clk 0:10:09]}  g6 {[%clk 0:06:31]} 34. Qg5 {[%clk 0:09:48]}  Nc6 {[%clk 0:04:30]} 35. c5 {[%clk 0:09:02]}  bxc5 {[%clk 0:02:17]} 36. Bb5 {[%clk 0:09:16]}  Ne5 {[%clk 0:02:15]} 37. Qf6+ {[%clk 0:08:23]}  Kg8 {[%clk 0:02:35]} 38. Qe6+ {[%clk 0:08:48]}  Kg7 {[%clk 0:01:25]} 39. Qe7+ {[%clk 0:09:07]}  Kg8 {[%clk 0:01:04]} 40. Qe8+ {[%clk 0:08:57]}  Kg7 {[%clk 0:01:27]} 41. Qe7+ {[%clk 0:09:21]}  Kg8 {[%clk 0:24:54]} 42. Qe8+ {[%clk 0:37:05]} 1/2-1/2